Jamaïcains célèbres par images - Statistiques

Statistiques générales
  • Ce quiz a été pris 103 fois
  • Le résultat moyen est 3 sur 8
Statistiques - réponses
Par images Réponse % Correct
Usain Bolt
98%
Bob Marley
97%
Sean Paul
41%
Grace Jones
15%
Jimmy Cliff
10%
Shaggy
10%
Yellowman
4%
Liz Mitchell
1%
Aucun quiz correspondant
Distribution des résultats
% des personnes avec chaque résultat
Percentile par nombre de réponses
Votre historique - résultats
Vous n’avez pas pris ce quiz